| 000 | 00425nam a22001577a 4500 | ||
|---|---|---|---|
| 005 | 20240723094125.0 | ||
| 008 | 240723b |||||||| |||| 00| 0 eng d | ||
| 020 | _a9781111130466 | ||
| 082 |
_a006.686 _bBOT-A |
||
| 245 |
_aAdobe Illustrator CS5 Revealed / _cChris Botello |
||
| 260 |
_aindia: _bCengage Learning; _c2011. |
||
| 300 |
_bill; _c23 cm. |
||
| 500 | _ainclude index. | ||
| 650 | _aGraphic design | ||
| 999 |
_c36174 _d36174 |
||